[Event "EU-chT (Men) 21st"]
[Site "Heraklion"]
[Date "2017.11.05"]
[Round "8.3"]
[White "Sebenik, Matej"]
[Black "Ebeling, Daniel"]
[Result "1-0"]
[WhiteElo "2534"]
[BlackElo "2465"]
[PlyCount "105"]
[EventDate "2017.10.28"]
[EventType "team-swiss"]
[EventRounds "9"]
[EventCountry "GRE"]
[SourceTitle "CBM 182"]
[Source "ChessBase"]
[SourceDate "2018.01.17"]
[SourceVersion "1"]
[SourceVersionDate "2018.01.17"]
[SourceQuality "1"]
[WhiteTeam "Slovenia"]
[BlackTeam "Finland"]
[WhiteTeamCountry "SLO"]
[BlackTeamCountry "FIN"]

1. Nf3 d5 2. g3 Nf6 3. Bg2 c6 4. c4 dxc4 5. 0-0 Nbd7 6. Qc2 Nb6 7. Na3 Qd5 8. b3 cxb3 9. axb3 Be6 10. Rb1 g6 11. d3 Bg7 12. Nc4 0-0 13. Ng5 Qd7 14. Na5 Nfd5 15. Bd2 Rab8 16. Rfc1 Bg4 17. e3 e5 18. Ne4 Rfc8 19. Nc5 Qc7 20. b4 a6 21. Qa2 Qe7 22. e4 Nf6 23. Be3 Qc7 24. h3 Bd7 25. d4 Ne8 26. d5 Na8 27. dxc6 Bxc6 28. Nxa6 bxa6 29. Nxc6 Qxc6 30. Rxc6 Rxc6 31. Qa4 Re6 32. Bf1 Nac7 33. Bc4 Rf6 34. Qd7 Ne6 35. Qa7 Rd8 36. Bb6 N6c7 37. Bxc7 Rd7 38. Qa8 Rxc7 39. Qxe8+ Bf8 40. Qxe5 Rfc6 41. Bd5 Rc2 42. Qf6 Bg7 43. Qd8+ Bf8 44. e5 Re7 45. Re1 Kg7 46. Qb6 Rd2 47. Bc4 Rc2 48. Qxa6 Rc7 49. Qf6+ Kg8 50. Bd5 Rd2 51. Qd8 Rcc2 52. e6 fxe6 53. Rxe6 1-0

[Event "EU-chT (Men) 21st"]
[Site "Heraklion"]
[Date "2017.10.31"]
[Round "4.2"]
[White "Bogner, Sebastian"]
[Black "Ebeling, Daniel"]
[Result "1/2-1/2"]
[WhiteElo "2599"]
[BlackElo "2465"]
[PlyCount "168"]
[EventDate "2017.10.28"]
[EventType "team-swiss"]
[EventRounds "9"]
[EventCountry "GRE"]
[SourceTitle "CBM 182"]
[Source "ChessBase"]
[SourceDate "2018.01.17"]
[SourceVersion "1"]
[SourceVersionDate "2018.01.17"]
[SourceQuality "1"]
[WhiteTeam "Switzerland"]
[BlackTeam "Finland"]
[WhiteTeamCountry "SUI"]
[BlackTeamCountry "FIN"]

1. e4 e5 2. Nf3 Nc6 3. Bb5 Nge7 4. Nc3 Ng6 5. d4 exd4 6. Nxd4 Nxd4 7. Qxd4 c6 8. Be2 Qb6 9. Qd3 Be7 10. 0-0 0-0 11. Rb1 d6 12. Be3 Qc7 13. f4 f5 14. exf5 Bxf5 15. Qd2 Rae8 16. g3 d5 17. Bd4 Qa5 18. Bf3 Bc5 19. Rf2 Qb4 20. Bxc5 Qxc5 21. Rd1 Nh8 22. Na4 Qe3 23. b3 Nf7 24. c4 dxc4 25. bxc4 Qa3 26. Nc3 Qc5 27. Qd4 Qxd4 28. Rxd4 Rd8 29. Rxd8 Rxd8 30. Rb2 Rd3 31. Be4 Rxc3 32. Bxf5 Nd6 33. Be6+ Kf8 34. Kf2 b6 35. Re2 Nxc4 36. Bd7 c5 37. a4 Nd6 38. Bc6 Rd3 39. g4 c4 40. Re3 Rd4 41. Kf3 a6 42. Ra3 Ke7 43. Ke3 Rd1 44. Bf3 Rf1 45. Kd4 Kd7 46. f5 Rf2 47. h3 Rd2+ 48. Ke3 Rh2 49. Kd4 Rd2+ 50. Ke3 Rb2 51. Bd5 Kc7 52. Kf4 Rd2 53. Bf3 h6 54. h4 Rh2 55. Re3 Kd7 56. Ra3 Kc7 57. Re3 b5 58. axb5 axb5 59. Re7+ Kd8 60. Rxg7 c3 61. Rg8+ Ke7 62. Rg7+ Kd8 63. Rg8+ Ke7 64. Rg7+ Nf7 65. Rg6 c2 66. Rc6 Nd8 67. Rc5 b4 68. Ke5 Nf7+ 69. Kd4 b3 70. Be4 b2 71. f6+ Kd6 72. Bxc2 Rxc2 73. Rb5 Ne5 74. g5 hxg5 75. hxg5 Nc4 76. f7 Ke7 77. Rb7+ Kf8 78. g6 Nd6 79. Rb8+ Rc8 80. Rxb2 Kg7 81. Rf2 Rf8 82. Ke5 Nxf7+ 83. gxf7 Rxf7 84. Rxf7+ Kxf7 1/2-1/2

[Event "FIN-chT 1718"]
[Site "Finland"]
[Date "2017.09.17"]
[Round "2.1"]
[White "Ebeling, Daniel"]
[Black "Nyback, Tomi"]
[Result "1/2-1/2"]
[WhiteElo "2462"]
[BlackElo "2575"]
[PlyCount "56"]
[EventDate "2017.09.16"]
[EventType "team-tourn"]
[EventRounds "11"]
[EventCountry "FIN"]
[SourceTitle "CBM 180 Extra"]
[Source "ChessBase"]
[SourceDate "2017.10.06"]
[SourceVersion "1"]
[SourceVersionDate "2017.10.06"]
[SourceQuality "1"]
[WhiteTeam "Espoo MatSK"]
[BlackTeam "Helsinki Aatos"]
[WhiteTeamCountry "FIN"]
[BlackTeamCountry "FIN"]

1. e4 e5 2. Nf3 Nc6 3. Nc3 Nf6 4. Bb5 Nd4 5. Bc4 Bc5 6. Nxe5 Qe7 7. Nd3 d5 8. Bxd5 Nxd5 9. Nxd5 Qxe4+ 10. Ne3 Bb6 11. 0-0 0-0 12. Ne1 c6 13. d3 Qg6 14. Nf3 Nxf3+ 15. Qxf3 Bc7 16. Re1 f5 17. h3 Be6 18. Bd2 Rad8 19. Bc3 h5 20. h4 f4 21. Nc4 Bd5 22. Qh3 Rde8 23. Rxe8 Rxe8 24. Re1 Rxe1+ 25. Bxe1 Be6 26. Qf3 Bd5 27. Qh3 Be6 28. Qf3 Bd5 1/2-1/2

[Event "FIN-ch"]
[Site "Helsinki"]
[Date "2017.06.18"]
[Round "7"]
[White "Ebeling, Daniel"]
[Black "Sammalvuo, Tapani"]
[Result "1/2-1/2"]
[WhiteElo "2477"]
[BlackElo "2448"]
[PlyCount "221"]
[EventDate "2017.06.12"]
[EventType "tourn"]
[EventRounds "7"]
[EventCountry "FIN"]
[EventCategory "6"]
[SourceTitle "CBM 178 Extra"]
[Source "ChessBase"]
[SourceDate "2017.06.22"]
[SourceVersion "1"]
[SourceVersionDate "2017.06.22"]
[SourceQuality "1"]

1. e4 e5 2. Nf3 Nc6 3. Nc3 Nf6 4. Bb5 Bb4 5. 0-0 0-0 6. d3 Bxc3 7. bxc3 d6 8. Re1 Bd7 9. Rb1 a6 10. Ba4 b5 11. Bb3 Na5 12. a3 Nxb3 13. cxb3 h6 14. h3 Re8 15. Rb2 c5 16. Nh4 Nd5 17. exd5 Qxh4 18. Re4 Qf6 19. Rbe2 Qg6 20. R4e3 f5 21. f4 exf4 22. Rxe8+ Rxe8 23. Bxf4 Rxe2 24. Qxe2 Qf6 25. c4 Qd4+ 26. Qe3 Qxe3+ 27. Bxe3 Kf7 28. h4 Ke7 29. Kf2 f4 30. Bxf4 bxc4 31. dxc4 Bf5 32. Ke3 a5 33. Kd2 Kd7 34. Kc3 h5 35. Bg5 Be4 36. g3 g6 37. Bf6 Bf3 38. Kc2 Kc7 39. Kd2 Bg4 40. Bg5 Bf5 41. Bh6 Be4 42. Be3 Bf5 43. Bf4 Kd7 44. Bh6 Kc7 45. Bf8 Kd7 46. Bg7 Kc7 47. Bh6 Kd7 48. Bf4 Be4 49. Kc3 Bf5 50. Kb2 Kc7 51. Bd2 Kb6 52. Kc3 Kc7 53. Be1 Kb6 54. Kd2 Bg4 55. Bf2 Kc7 56. Bg1 Bf5 57. Bh2 Bg4 58. Kc2 Bf5+ 59. Kc3 Bg4 60. Kd2 Kd7 61. Bg1 Kc7 62. Be3 Bf5 63. Bf4 Kd7 64. Bg5 Kc7 65. Bf6 Be4 66. Bg7 Bf5 67. Bh8 Be4 68. Ba1 Bf5 69. Bb2 Be4 70. Bc3 Kb6 71. Bg7 Kc7 72. Bf8 Bf5 73. Bh6 Be4 74. Be3 Bf5 75. Bf2 Bg4 76. Kd3 Bf5+ 77. Kc3 Bg4 78. Bg1 Kb7 79. Be3 Kc7 80. Bg5 Bf5 81. Kd2 Kd7 82. Bf4 Be4 83. Kc1 Kc7 84. Kb2 Bf3 85. b4 axb4 86. axb4 cxb4 87. Kb3 Kd7 88. Kxb4 Bg2 89. Kb5 Bf1 90. Bh6 Be2 91. Bg7 Bf1 92. Bf8 Be2 93. Kb4 Bf1 94. Kc3 Bh3 95. Kd4 Bf5 96. Ke3 Bh3 97. Ke4 Bf1 98. Kd4 Bh3 99. Bh6 Bf1 100. Be3 Bh3 101. Bc1 Bf1 102. Bb2 Be2 103. Ba3 Bg4 104. Bb4 Bh3 105. Ba3 Bg4 106. Ke3 Bf5 107. Bb4 Bc2 108. Kf4 Bd3 109. Kg5 Bxc4 110. Kxg6 Be2 111. Ba3 1/2-1/2

[Event "FIN-ch"]
[Site "Helsinki"]
[Date "2017.06.16"]
[Round "5"]
[White "Ebeling, Daniel"]
[Black "Karttunen, Mika"]
[Result "1-0"]
[WhiteElo "2477"]
[BlackElo "2465"]
[PlyCount "111"]
[EventDate "2017.06.12"]
[EventType "tourn"]
[EventRounds "7"]
[EventCountry "FIN"]
[EventCategory "6"]
[SourceTitle "CBM 178 Extra"]
[Source "ChessBase"]
[SourceDate "2017.06.22"]
[SourceVersion "1"]
[SourceVersionDate "2017.06.22"]
[SourceQuality "1"]

1. e4 e5 2. Nc3 Nf6 3. g3 Be7 4. Bg2 0-0 5. Nge2 c6 6. 0-0 d5 7. exd5 cxd5 8. d4 e4 9. f3 exf3 10. Bxf3 Bh3 11. Re1 Bb4 12. Bg5 Nc6 13. Nf4 Be6 14. Nxe6 fxe6 15. Rxe6 Qd7 16. Re3 Bxc3 17. bxc3 Ne4 18. Bxe4 dxe4 19. Bf4 Qd5 20. Qe2 g5 21. Qg4 Rf5 22. Be5 Qf7 23. Rxe4 h5 24. Qe2 Rf8 25. Bd6 Rf2 26. Qd3 Qf3 27. Qxf3 R8xf3 28. d5 Na5 29. Bb4 Rxc2 30. Rf1 Rxf1+ 31. Kxf1 Rxa2 32. Re5 Nc4 33. Rxg5+ Kf7 34. Rxh5 a5 35. Bc5 b6 36. Bd4 a4 37. Rh7+ Ke8 38. Ra7 a3 39. h4 Rb2 40. d6 Nxd6 41. Rxa3 Ne4 42. c4 Rb1+ 43. Kg2 Nd6 44. h5 Nf5 45. Be5 Re1 46. Bf4 Kf7 47. Ra7+ Kf6 48. Rb7 Re2+ 49. Kf3 Re6 50. Kg4 Nd6 51. Rxb6 Nxc4 52. Rxe6+ Kxe6 53. Kg5 Kf7 54. h6 Nb6 55. Be5 Nd7 56. h7 1-0

[Event "FIN-ch"]
[Site "Helsinki"]
[Date "2017.06.15"]
[Round "4"]
[White "Niemi, Kalle"]
[Black "Ebeling, Daniel"]
[Result "1-0"]
[WhiteElo "2331"]
[BlackElo "2477"]
[PlyCount "137"]
[EventDate "2017.06.12"]
[EventType "tourn"]
[EventRounds "7"]
[EventCountry "FIN"]
[EventCategory "6"]
[SourceTitle "CBM 178 Extra"]
[Source "ChessBase"]
[SourceDate "2017.06.22"]
[SourceVersion "1"]
[SourceVersionDate "2017.06.22"]
[SourceQuality "1"]

1. Nf3 f5 2. d3 Nc6 3. d4 e6 4. g3 Nf6 5. Bg2 d5 6. Bf4 Bd6 7. e3 Qe7 8. 0-0 b5 9. a4 b4 10. c4 bxc3 11. bxc3 Ba6 12. Re1 0-0 13. Nbd2 Na5 14. Nb3 Nc4 15. Ne5 Bxe5 16. Bxe5 Nxe5 17. dxe5 Nd7 18. Nd4 Bc4 19. f4 Nc5 20. Qh5 Qd7 21. g4 g6 22. Qh4 Kh8 23. gxf5 gxf5 24. Kh1 Nd3 25. Red1 c5 26. Nf3 Rg8 27. Ng5 Rxg5 28. fxg5 Qg7 29. Qg3 Rg8 30. Bf1 Nxe5 31. Bxc4 Nxc4 32. Rab1 Qxc3 33. Rb7 Qxe3 34. Qxe3 Nxe3 35. Re1 d4 36. Rxa7 Rb8 37. a5 f4 38. a6 d3 39. Rd7 Ra8 40. Rb1 d2 41. a7 d1Q+ 42. Rbxd1 Nxd1 43. Rb7 Rxa7 44. Rxa7 Ne3 45. Re7 c4 46. Rxe6 c3 47. Rc6 Kg7 48. Rxc3 Kg6 49. Rc5 Nf5 50. Kg2 Kxg5 51. Kf3 Kf6 52. Kxf4 Ne7 53. Ra5 Ng6+ 54. Kg4 Ne5+ 55. Kh5 Nf7 56. Ra1 Ne5 57. Rg1 Nf7 58. Rg2 h6 59. Rg6+ Kf5 60. Ra6 Ne5 61. h4 Nf7 62. Rb6 Ne5 63. Rxh6 Nf3 64. Rh8 Ke6 65. Rf8 Nd4 66. Kg6 Ke7 67. Rf1 Nc6 68. h5 Ne5+ 69. Kg7 1-0

[Event "FIN-ch"]
[Site "Helsinki"]
[Date "2017.06.12"]
[Round "1"]
[White "Maki Uuro, Miika"]
[Black "Ebeling, Daniel"]
[Result "1/2-1/2"]
[WhiteElo "2337"]
[BlackElo "2477"]
[PlyCount "45"]
[EventDate "2017.06.12"]
[EventType "tourn"]
[EventRounds "7"]
[EventCountry "FIN"]
[EventCategory "6"]
[SourceTitle "CBM 178 Extra"]
[Source "ChessBase"]
[SourceDate "2017.06.22"]
[SourceVersion "1"]
[SourceVersionDate "2017.06.22"]
[SourceQuality "1"]

1. d4 Nf6 2. c4 e6 3. g3 Bb4+ 4. Bd2 a5 5. Bg2 d6 6. e4 e5 7. Ne2 0-0 8. 0-0 Re8 9. Nbc3 exd4 10. Nxd4 Bxc3 11. Bxc3 Nxe4 12. Bxe4 Rxe4 13. Qf3 Re8 14. Rfe1 Nd7 15. Rxe8+ Qxe8 16. Nb5 Qd8 17. Re1 Ne5 18. Bxe5 dxe5 19. Qd5 Qxd5 20. cxd5 c6 21. dxc6 bxc6 22. Rxe5 Bd7 23. Nd4 1/2-1/2

[Event "FIN-chT 1617"]
[Site "Finland"]
[Date "2017.03.12"]
[Round "11.2"]
[White "Ebeling, Daniel"]
[Black "Hellen, Bo"]
[Result "1-0"]
[WhiteElo "2468"]
[BlackElo "2044"]
[PlyCount "67"]
[EventDate "2016.09.17"]
[EventType "team-tourn"]
[EventRounds "11"]
[EventCountry "FIN"]
[SourceTitle "EXT 2018"]
[Source "ChessBase"]
[SourceDate "2017.10.13"]
[SourceVersion "1"]
[SourceVersionDate "2017.10.13"]
[SourceQuality "1"]
[WhiteTeam "Espoo MatSK"]
[BlackTeam "Karjaa KarjUra"]
[WhiteTeamCountry "FIN"]
[BlackTeamCountry "FIN"]

1. e4 c5 2. Nf3 Nc6 3. d4 cxd4 4. Nxd4 g6 5. c4 Bg7 6. Be3 d6 7. Nc3 Nf6 8. Be2 0-0 9. 0-0 Bd7 10. h3 Re8 11. Re1 Nxd4 12. Bxd4 Bc6 13. Qd3 Qa5 14. a3 Nh5 15. Bxh5 Qxh5 16. b4 b6 17. a4 Rab8 18. a5 f5 19. Bxg7 Kxg7 20. axb6 axb6 21. Ra7 Kf8 22. Rc7 Rbc8 23. Rxc8 Rxc8 24. Qd4 Kf7 25. Qxb6 Qg5 26. Qd4 f4 27. Nd5 f3 28. g3 Qh6 29. Re3 Qh5 30. e5 Bd7 31. e6+ Bxe6 32. Rxe6 Re8 33. Rxe7+ Rxe7 34. Qf6+ 1-0

[Event "FIN-chT 1617"]
[Site "Finland"]
[Date "2017.02.04"]
[Round "7.2"]
[White "Sipila, Vilka"]
[Black "Ebeling, Daniel"]
[Result "1/2-1/2"]
[WhiteElo "2447"]
[BlackElo "2468"]
[PlyCount "170"]
[EventDate "2016.09.17"]
[EventType "team-tourn"]
[EventRounds "11"]
[EventCountry "FIN"]
[SourceTitle "EXT 2022"]
[Source "ChessBase"]
[SourceDate "2021.10.06"]
[SourceVersion "1"]
[SourceVersionDate "2021.10.06"]
[SourceQuality "1"]
[WhiteTeam "Turku TuTS"]
[BlackTeam "Espoo MatSK"]
[WhiteTeamCountry "FIN"]
[BlackTeamCountry "FIN"]

1. c4 Nf6 2. Nf3 e6 3. g3 a6 4. Bg2 b5 5. b3 c5 6. d4 Bb7 7. Ba3 Qa5+ 8. Qd2 Qxd2+ 9. Nbxd2 cxd4 10. Bxf8 Rxf8 11. 0-0 Nc6 12. a4 b4 13. Rfd1 Rb8 14. Nf1 Ne4 15. Nxd4 Nc3 16. Nxc6 Nxe2+ 17. Kh1 Bxc6 18. Bxc6 dxc6 19. Rd6 Rc8 20. c5 Ke7 21. Re1 Nc3 22. Ne3 Rfd8 23. Nc4 Nd5 24. f4 Rxd6 25. Nxd6 Rd8 26. Nb7 Rb8 27. Nd6 g6 28. Kg2 Rd8 29. Nb7 Rb8 30. Na5 Kd7 31. Re4 Kc7 32. Kf3 h5 33. Nc4 Rd8 34. Ne5 Rf8 35. h3 a5 36. Nc4 Ra8 37. Ne5 Rf8 38. Rd4 f6 39. Nxg6 Rg8 40. Nh4 e5 41. fxe5 fxe5 42. Re4 Rg5 43. Re1 Nf6 44. Rc1 Nd7 45. g4 hxg4+ 46. hxg4 Nxc5 47. Rb1 e4+ 48. Kf4 Ne6+ 49. Kg3 Rc5 50. Nf5 Rc3+ 51. Kh4 Rf3 52. Ng3 e3 53. Ne2 Kd6 54. Re1 Ke5 55. Ng1 Nd4 56. Kh5 Rg3 57. g5 Ke4 58. g6 Nxb3 59. Ne2 Rg2 60. Rg1 Rh2+ 61. Kg5 Nc5 62. Kf6 Rh8 63. g7 Rg8 64. Kf7 Rxg7+ 65. Kxg7 Nxa4 66. Rg6 b3 67. Re6+ Kd3 68. Nc1+ Kc4 69. Re4+ Kc3 70. Rxe3+ Kd2 71. Rxb3 Kxc1 72. Ra3 Nb2 73. Rxa5 Nd3 74. Kf6 c5 75. Ke6 c4 76. Kd5 c3 77. Kc4 Kc2 78. Rh5 Nb2+ 79. Kb4 Nd3+ 80. Ka3 Nc1 81. Rh2+ Kd3 82. Rh1 Kd2 83. Rh8 c2 84. Rc8 Nd3 85. Rxc2+ Kxc2 1/2-1/2

[Event "Hamina Bastioni op"]
[Site "Hamina"]
[Date "2016.09.23"]
[Round "1"]
[White "Nivala, Tuomas"]
[Black "Ebeling, Daniel"]
[Result "1/2-1/2"]
[WhiteElo "2255"]
[BlackElo "2468"]
[PlyCount "56"]
[EventDate "2016.09.23"]
[EventType "swiss"]
[EventRounds "5"]
[EventCountry "FIN"]
[SourceTitle "CBM 174 Extra"]
[Source "ChessBase"]
[SourceDate "2016.10.10"]
[SourceVersion "1"]
[SourceVersionDate "2016.10.10"]
[SourceQuality "1"]

1. e4 e5 2. Nc3 Bc5 3. Bc4 Nf6 4. d3 c6 5. f4 d5 6. fxe5 dxc4 7. exf6 Qxf6 8. Qf3 Qh4+ 9. g3 Qe7 10. Nge2 cxd3 11. cxd3 Nd7 12. d4 Bb6 13. Be3 Nf6 14. e5 Nd5 15. Nxd5 cxd5 16. 0-0 Be6 17. Nf4 0-0-0 18. Nxe6 fxe6 19. Qf7 Rd7 20. Rac1+ Kb8 21. Qxe7 Rxe7 22. Rf2 Rc8 23. Rxc8+ Kxc8 24. Rf8+ Kd7 25. Kf1 Re8 26. Rf7+ Re7 27. Rf8 Re8 28. Rf7+ Re7 1/2-1/2

[Event "FIN-chT 1617"]
[Site "Finland"]
[Date "2016.09.17"]
[Round "1.2"]
[White "Ebeling, Daniel"]
[Black "Luukkonen, Tommi"]
[Result "1-0"]
[WhiteElo "2468"]
[BlackElo "2354"]
[PlyCount "74"]
[EventDate "2016.09.17"]
[EventType "team-tourn"]
[EventRounds "11"]
[EventCountry "FIN"]
[SourceTitle "CBM 174 Extra"]
[Source "ChessBase"]
[SourceDate "2016.10.10"]
[SourceVersion "1"]
[SourceVersionDate "2016.10.10"]
[SourceQuality "1"]
[WhiteTeam "Espoo MatSK"]
[BlackTeam "Jyvaskyla JyS"]
[WhiteTeamCountry "FIN"]
[BlackTeamCountry "FIN"]

1. Nf3 Nf6 2. c4 g6 3. d4 Bg7 4. g3 0-0 5. Bg2 d5 6. cxd5 Nxd5 7. 0-0 Nb6 8. Nc3 Nc6 9. d5 Na5 10. Qc2 Bd7 11. Bf4 c6 12. Rad1 Qc8 13. d6 exd6 14. Bxd6 Re8 15. b3 c5 16. Ng5 c4 17. b4 Nc6 18. Bc5 Bf5 19. Qc1 Bg4 20. Nge4 Qc7 21. h3 Be6 22. Nb5 Qe5 23. Nbd6 Red8 24. b5 f5 25. bxc6 fxe4 26. cxb7 Rab8 27. Nxe4 Bd5 28. Bd4 Qe7 29. Bxb6 axb6 30. Rxd5 Rxd5 31. Nf6+ Bxf6 32. Bxd5+ Kg7 33. Qxc4 Be5 34. Qc8 h5 35. h4 g5 36. hxg5 h4 37. gxh4 Qd6 1-0

[Event "Olympiad-42"]
[Site "Baku"]
[Date "2016.09.03"]
[Round "2.3"]
[White "Batchuluun, Tsegmed"]
[Black "Ebeling, Daniel"]
[Result "1-0"]
[WhiteElo "2513"]
[BlackElo "2468"]
[PlyCount "75"]
[EventDate "2016.09.02"]
[EventType "team-swiss"]
[EventRounds "11"]
[EventCountry "AZE"]
[SourceTitle "CBM 175"]
[Source "ChessBase"]
[SourceDate "2016.11.10"]
[SourceVersion "1"]
[SourceVersionDate "2016.11.10"]
[SourceQuality "1"]
[WhiteTeam "Mongolia"]
[BlackTeam "Finland"]
[WhiteTeamCountry "MGL"]
[BlackTeamCountry "FIN"]

1. d4 f5 2. Nf3 Nf6 3. g3 g6 4. Bg2 Bg7 5. 0-0 0-0 6. c4 d6 7. Nc3 Nc6 8. d5 Na5 9. Nd2 c5 10. a3 Bd7 11. Rb1 a6 12. Qc2 Qc7 13. b3 b5 14. Bb2 Rab8 15. e3 Kh8 16. Ne2 bxc4 17. bxc4 g5 18. Bc3 h6 19. h3 Rg8 20. e4 fxe4 21. Nxe4 Rbf8 22. g4 Nb7 23. f4 Nxe4 24. Bxg7+ Rxg7 25. Qxe4 Be8 26. fxg5 Rxf1+ 27. Rxf1 hxg5 28. Rf8+ Rg8 29. Qf5 Qd7 30. Rxg8+ Kxg8 31. Qxg5+ Kf8 32. Qh6+ Kg8 33. Be4 e5 34. dxe6 Qe7 35. Nf4 Nd8 36. Nd5 Qxe6 37. Nf6+ Kf7 38. Bd5 1-0

[Event "FIN-chT 1516"]
[Site "Finland"]
[Date "2016.03.12"]
[Round "10.2"]
[White "Ebeling, Daniel"]
[Black "Sepp, Olav"]
[Result "1/2-1/2"]
[WhiteElo "2466"]
[BlackElo "2427"]
[PlyCount "87"]
[EventDate "2015.09.12"]
[EventType "team-tourn"]
[EventRounds "11"]
[EventCountry "FIN"]
[SourceTitle "EXT 2017"]
[Source "ChessBase"]
[SourceDate "2016.10.25"]
[SourceVersion "1"]
[SourceVersionDate "2016.10.25"]
[SourceQuality "1"]
[WhiteTeam "Espoo MatSK"]
[BlackTeam "Vantaa EtVaS"]
[WhiteTeamCountry "FIN"]
[BlackTeamCountry "FIN"]

1. e4 e5 2. Nf3 Nc6 3. Bc4 Nf6 4. Ng5 d5 5. exd5 Na5 6. Bb5+ c6 7. dxc6 bxc6 8. Bd3 Nd5 9. Nf3 Bd6 10. 0-0 Nf4 11. Re1 Nxd3 12. cxd3 0-0 13. b3 c5 14. Nc3 Nc6 15. Ne4 Re8 16. Ba3 Bf8 17. Rc1 Nb4 18. Bxb4 cxb4 19. Ng3 Bb7 20. Nxe5 Qd6 21. Nc4 Rxe1+ 22. Qxe1 Qxd3 23. Qe2 Qd5 24. Ne3 Qa5 25. d4 Re8 26. Qd2 g6 27. d5 Bh6 28. d6 Rd8 29. Rd1 Qc5 30. Ngf1 Bf4 31. d7 Bc6 32. Rc1 Qb6 33. Qb2 Bxd7 34. Rd1 Be6 35. Qa1 Rxd1 36. Qxd1 Qc5 37. Qf3 Be5 38. Ng4 Bd4 39. Nf6+ Kg7 40. Ne8+ Kf8 41. Nf6 Kg7 42. Ne8+ Kf8 43. Nf6 Kg7 44. Ne8+ 1/2-1/2

[Event "FIN-chT 1415"]
[Site "Finland"]
[Date "2015.03.15"]
[Round "11.2"]
[White "Ebeling, Daniel"]
[Black "Agopov, Mikael"]
[Result "1-0"]
[WhiteElo "2458"]
[BlackElo "2422"]
[PlyCount "121"]
[EventDate "2014.09.27"]
[EventType "team-tourn"]
[EventRounds "11"]
[EventCountry "FIN"]
[SourceTitle "EXT 2016"]
[Source "ChessBase"]
[SourceDate "2015.10.08"]
[SourceVersion "1"]
[SourceVersionDate "2015.10.08"]
[SourceQuality "1"]
[WhiteTeam "Espoo MatSK"]
[BlackTeam "Porvoo Velhot"]
[WhiteTeamCountry "FIN"]
[BlackTeamCountry "FIN"]

1. Nf3 c5 2. c4 Nc6 3. Nc3 g6 4. e3 Nf6 5. d4 cxd4 6. exd4 d5 7. cxd5 Nxd5 8. Qb3 e6 9. Bg5 Be7 10. Bxe7 Ncxe7 11. Bb5+ Kf8 12. 0-0 Kg7 13. Rac1 a6 14. Bc4 Nf4 15. a4 b6 16. Ne4 Bb7 17. Qe3 Ned5 18. Qd2 Rc8 19. Rfe1 Nf6 20. Qxf4 Bxe4 21. Rxe4 b5 22. axb5 axb5 23. Bd3 Rxc1+ 24. Qxc1 Nxe4 25. Bxe4 Qd6 26. h4 h6 27. Kf1 Qb4 28. Ke2 e5 29. Qd2 Qxd2+ 30. Kxd2 f5 31. Bc6 e4 32. Ne5 b4 33. d5 Kf6 34. Nc4 g5 35. h5 Rc8 36. b3 Rc7 37. Ba4 f4 38. d6 Rc5 39. Nb6 Ke6 40. d7 Ke7 41. g4 Kd8 42. Nc4 Rd5+ 43. Ke2 Kc7 44. Ke1 Kd8 45. Kf1 Kc7 46. Ke2 Kd8 47. Bc6 Rc5 48. Bxe4 Kxd7 49. Kd3 Ke6 50. Kd4 Rc7 51. Bd5+ Kf6 52. f3 Rc8 53. Be4 Rc7 54. Kd5 Ke7 55. Bf5 Kf6 56. Kd6 Rb7 57. Kc6 Rb8 58. Kc5 Rb7 59. Be4 Rb8 60. Nb6 Ke6 61. Bf5+ 1-0

[Event "FIN-chT 1415"]
[Site "Finland"]
[Date "2014.09.27"]
[Round "1.2"]
[White "Rehn, Ralf"]
[Black "Ebeling, Daniel"]
[Result "0-1"]
[WhiteElo "2147"]
[BlackElo "2458"]
[PlyCount "114"]
[EventDate "2014.09.27"]
[EventType "team-tourn"]
[EventRounds "11"]
[EventCountry "FIN"]
[SourceTitle "CBM 162 Extra"]
[Source "ChessBase"]
[SourceDate "2014.10.17"]
[SourceVersion "1"]
[SourceVersionDate "2014.10.17"]
[SourceQuality "1"]
[WhiteTeam "Espoo MatSK II"]
[BlackTeam "Espoo MatSK"]
[WhiteTeamCountry "FIN"]
[BlackTeamCountry "FIN"]

1. d4 Nf6 2. Nf3 d5 3. Bf4 c5 4. e3 Nc6 5. Nc3 Bg4 6. Be2 e6 7. 0-0 Rc8 8. Ne5 Bxe2 9. Qxe2 cxd4 10. Nxc6 bxc6 11. exd4 Bd6 12. Bxd6 Qxd6 13. Qa6 0-0 14. a3 Qf4 15. Rad1 Ng4 16. g3 Qh6 17. h4 Qg6 18. Qd3 c5 19. Qxg6 hxg6 20. Rfe1 Nh6 21. Rd2 Nf5 22. dxc5 Rxc5 23. Nd1 Rfc8 24. c3 Nd6 25. Kg2 Nc4 26. Rde2 Rb5 27. Rc2 Rb3 28. Ree2 Rcb8 29. Kh3 Kf8 30. Kg2 R8b5 31. Kh3 Rb6 32. Kg2 Ke8 33. Ne3 Rxb2 34. Nxc4 Rxc2 35. Rxc2 dxc4 36. Rd2 Rb3 37. Rd6 Rxa3 38. Rc6 Rxc3 39. Ra6 Rd3 40. Rxa7 Rd7 41. Ra8+ Rd8 42. Ra2 Ke7 43. Kf3 Kf6 44. Rc2 Rc8 45. Ke4 e5 46. f4 exf4 47. Kxf4 c3 48. Ke4 g5 49. h5 g4 50. Kf4 Rc4+ 51. Ke3 Kg5 52. Kd3 Rc7 53. Ke3 f5 54. Kd4 Kxh5 55. Ke5 Kg5 56. Kd4 f4 57. gxf4+ Kxf4 0-1

[Event "Olympiad-41"]
[Site "Tromsoe"]
[Date "2014.08.08"]
[Round "6.4"]
[White "Giron, Jorge Ernesto"]
[Black "Ebeling, Daniel"]
[Result "0-1"]
[WhiteElo "2103"]
[BlackElo "2445"]
[PlyCount "74"]
[EventDate "2014.08.02"]
[EventType "team-swiss"]
[EventRounds "11"]
[EventCountry "NOR"]
[SourceTitle "CBM 162"]
[Source "ChessBase"]
[SourceDate "2014.09.17"]
[SourceVersion "1"]
[SourceVersionDate "2014.09.17"]
[SourceQuality "1"]
[WhiteTeam "El Salvador"]
[BlackTeam "Finland"]
[WhiteTeamCountry "ESA"]
[BlackTeamCountry "FIN"]

1. e4 e5 2. Nf3 Nc6 3. Bb5 f5 4. d3 fxe4 5. dxe4 Nf6 6. 0-0 d6 7. Ng5 h6 8. f4 hxg5 9. fxg5 Bg4 10. Qd3 Nh5 11. Bc4 Nf4 12. Bxf4 exf4 13. Qd5 Qd7 14. Rxf4 0-0-0 15. h3 Bh5 16. Nd2 Ne5 17. Raf1 Kb8 18. Bb3 Be7 19. h4 Be8 20. Qd4 Qb5 21. g3 Qb6 22. Qxb6 axb6 23. Be6 Bh5 24. Kg2 b5 25. Rh1 Rdf8 26. Bf5 c6 27. Rhf1 Bd8 28. Bh3 Rf7 29. Be6 Re7 30. Bf5 Bb6 31. Bh3 Be3 32. Rf8+ Re8 33. Rxh8 Rxh8 34. Nb3 Kc7 35. g4 Bf7 36. Re1 Bb6 37. Kg3 Rxh4 0-1

[Event "Helsinki ShakkiNet 5th"]
[Site "Helsinki"]
[Date "2014.06.17"]
[Round "9"]
[White "Ebeling, Daniel"]
[Black "Kiik, Kalle"]
[Result "1-0"]
[WhiteElo "2415"]
[BlackElo "2422"]
[PlyCount "89"]
[EventDate "2014.06.09"]
[EventType "tourn"]
[EventRounds "9"]
[EventCountry "FIN"]
[EventCategory "7"]
[SourceTitle "CBM 160 Extra"]
[Source "ChessBase"]
[SourceDate "2014.07.01"]
[SourceVersion "1"]
[SourceVersionDate "2014.07.01"]
[SourceQuality "1"]

1. e4 g6 2. d4 Bg7 3. Nf3 c6 4. Nc3 d5 5. h3 Nf6 6. e5 Ne4 7. Nxe4 dxe4 8. Ng5 c5 9. Bc4 0-0 10. c3 cxd4 11. cxd4 Nc6 12. Be3 b5 13. Bb3 Bb7 14. h4 Na5 15. Bc2 Nc4 16. 0-0 Bd5 17. Bxe4 f6 18. exf6 exf6 19. Qf3 Bxe4 20. Nxe4 f5 21. Nc5 f4 22. Bc1 Qd6 23. a4 Rae8 24. axb5 Qxd4 25. Nb3 Qd7 26. Qc6 Qf7 27. Nd2 Ne5 28. Qe4 Ng4 29. Qa4 Qf6 30. Nf3 Ne5 31. Qb3+ Kh8 32. Rxa7 Nxf3+ 33. Qxf3 Qxh4 34. b6 g5 35. b7 Be5 36. Ra8 Bb8 37. b4 Qh6 38. Bb2+ Kg8 39. Qd5+ Qe6 40. Qxg5+ Qg6 41. Qd5+ Qe6 42. Qg5+ Qg6 43. Qd5+ Qe6 44. Qd4 Qg6 45. Ra6 1-0